LEADER 01578nam 2200361 n 450 001 996390093203316 005 20221108052843.0 035 $a(CKB)1000000000654816 035 $a(EEBO)2240909290 035 $a(UnM)99851664 035 $a(EXLCZ)991000000000654816 100 $a19920409d1577 uh | 101 0 $aeng 135 $aurbn||||a|bb| 200 10$aBy the Queene. Forasmuch as the Queenes Maiestie our souerayne lady is creibly informed, that the infection of the plague is at this present in sondry places, in [and] about the citie of London, and in other places neere adioyning the same ..$b[electronic resource] 210 $aImprinted at London $cAt her Maiesties commandement, by Christopher Barkar$d[1577] 215 $a1 sheet ([1] p.) 300 $aMichaelmas Term is adjourned because of plague. 300 $aPublication date from STC. 300 $aReproduction of the original in the Bodleian Library. 330 $aeebo-0014 606 $aPlague$zEngland$vEarly works to 1800 607 $aEngland$xProclamations$vEarly works to 1800 615 0$aPlague 701 $aElizabeth$cQueen of England,$f1533-1603.$0996842 801 0$bCu-RivES 801 1$bCu-RivES 801 2$bCStRLIN 801 2$bWaOLN 906 $aBOOK 912 $a996390093203316 996 $aBy the Queene. Forasmuch as the Queenes Maiestie our souerayne lady is creibly informed, that the infection of the plague is at this present in sondry places, in about the citie of London, and in other places neere adioyning the same .$92351697 997 $aUNISA LEADER 00932nam a2200253 i 4500 001 991001232299707536 005 20020507185706.0 008 960108s1995 it ||| | ita 035 $ab10819101-39ule_inst 035 $aLE01309081$9ExL 040 $aDip.to Matematica$beng 082 0 $a516.23 084 $aAMS 51M20 100 1 $aDe Cecco, Giuseppe$0338237 245 10$aPoliedri /$cGiuseppe de Cecco 260 $aLecce :$bUniv. Lecce,$c1995 300 $a53 p. in varie sequenze ;$c21 cm. 907 $a.b10819101$b21-09-06$c28-06-02 912 $a991001232299707536 945 $aLE013 51M DEC11 C.1 (1995)$g1$i2013000041643$lle013$o-$pE0.00$q-$rl$s- $t0$u2$v0$w2$x0$y.i10925910$z28-06-02 945 $aLE013 51M DEC11 C.2 (1995)$g2$i2013000041650$lle013$o-$pE0.00$q-$rl$s- $t0$u2$v0$w2$x0$y.i10925922$z28-06-02 996 $aPoliedri$9925055 997 $aUNISALENTO 998 $ale013$b01-01-96$cm$da $e-$fita$git $h0$i2 LEADER 02002nam 2200517I 450 001 9910702783103321 005 20150324162730.0 035 $a(CKB)5470000002430365 035 $a(OCoLC)905548798 035 $a(EXLCZ)995470000002430365 100 $a20150324j201310 ua 0 101 0 $aeng 135 $aurcn||||||||| 181 $ctxt$2rdacontent 182 $cc$2rdamedia 183 $acr$2rdacarrier 200 10$aStructural dynamics testing of advanced Stirling convertor components /$fSalvatore M. Oriti and Zachary D. Williams 210 1$aCleveland, Ohio :$cNational Aeronautics and Space Administration, Glenn Research Center,$dOctober 2013. 215 $a1 online resource (7 pages) $ccolor illustrations 225 1 $aNASA/TM ;$v2013-216544 300 $aTitle from title screen (viewed on March 24, 2015). 300 $a"October 2013." 300 $a"Prepared for the Nuclear and Emerging Technologies for Space (NETS-2013) cosponsored by the American Nuclear Society and Aerojet, Albuquerque, New Mexico, February 25-28, 2013." 320 $aIncludes bibliographical references (page 7). 606 $aStirling cycle$2nasat 606 $aDynamic structural analysis$2nasat 606 $aFree-piston engines$2nasat 606 $aDynamic tests$2nasat 606 $aRandom vibration$2nasat 606 $aRadioisotope heat sources$2nasat 615 7$aStirling cycle. 615 7$aDynamic structural analysis. 615 7$aFree-piston engines. 615 7$aDynamic tests. 615 7$aRandom vibration. 615 7$aRadioisotope heat sources. 700 $aOriti$b Salvatore M.$01386679 702 $aWilliams$b Zachary D. 712 02$aNASA Glenn Research Center, 712 02$aUnited States.$bNational Aeronautics and Space Administration, 801 0$bGPO 801 1$bGPO 906 $aBOOK 912 $a9910702783103321 996 $aStructural dynamics testing of advanced Stirling convertor components$93469070 997 $aUNINA